Second conference on efference on effective microorganisms (EM)
Contents: Effective microorganisms and their role in kyusei nature farming and sustainable agriculture, the role effective microorganisms in releasing nutrients from organic matter; the use of EM for control of root rot of strawberry.
Shranjeno v:
| Glavni avtor: | |
|---|---|
| Format: | Knjiga |
| Jezik: | Undetermined |
| Izdano: |
Japan
International nature farming research
1993
|
| Teme: | |
| Oznake: |
Označite
Brez oznak, prvi označite!
|
| Thư viện lưu trữ: | Trung tâm Học liệu Trường Đại học Cần Thơ |
|---|
| LEADER | 00832nam a2200193Ia 4500 | ||
|---|---|---|---|
| 001 | CTU_142096 | ||
| 008 | 210402s9999 xx 000 0 und d | ||
| 082 | |a 579 | ||
| 082 | |b S531 | ||
| 100 | |a Sharifuddin, H.A.H | ||
| 245 | 0 | |a Second conference on efference on effective microorganisms (EM) | |
| 245 | 0 | |c H.A.H. Sharifuddin, A.R. Anuar, M.F. Shahbuddin | |
| 260 | |a Japan | ||
| 260 | |b International nature farming research | ||
| 260 | |c 1993 | ||
| 520 | |a Contents: Effective microorganisms and their role in kyusei nature farming and sustainable agriculture, the role effective microorganisms in releasing nutrients from organic matter; the use of EM for control of root rot of strawberry. | ||
| 650 | |a Microorganisms,Vi sinh vật học | ||
| 904 | |i Tuyến | ||
| 980 | |a Trung tâm Học liệu Trường Đại học Cần Thơ | ||